Chansons par paroles détournées II - Statistiques

Statistiques générales
  • Ce quiz a été pris 2 831 fois
  • Le résultat moyen est 4 sur 10
Statistiques - réponses
Hint Réponse % Correct
Poser nos fesses quelques instants sur un long siège et observer les passants pendant le temps où ils passent Mistral gagnant
95%
J'ai interrogé notre satellite naturel, mais sans en informer notre boule de feu. Je lui ai exposé mes blessures dues à la chaleur, mais celle-ci s'est foutu de ma gueule. J'ai demandé à la Lune
82%
Je sors du lit sans précautions, tu restes endormie, pour ne pas changer, je t'enveloppe de linge de maison de façon à ce que ta température corporelle ne s'abaisse pas Comme d'habitude
78%
Ce lieu n'est pas sans rappeler l'état de la Nouvelle-Orléans, ou la Botte. Des vêtements sèchent dehors, et c'est plutôt pas mal, esthétiquement parlant. Le sud
52%
Ancienne version de l'Homo sapiens, je me reconnais également parmi mes cousins arboricoles et le peuple de l'eau. Entre Mars et Vénus, quel que soit l'état météorologique, je fais des tours sur moi-même, je fais des tours sur moi-même Je suis un homme
48%
Baste, ne nous y rendons pas, il suffit de nous dissimuler sous du linge de lit, et de demander des plats italiens, ta personne, la boîte à images et ma personne. Le dîner
44%
Il ne s'agissait pas d'un navire de pacotille, qu'on répande cette nouvelle partout sur les quais, partout sur les quais. Les Copains d'abord
29%
Son visage reflétait l'utilisation de produits cosmétique, à la manière d'une actrice célèbre. Son poids reposait sur la machine à musique... La fille aux yeux menthe à l'eau
8%
Soulève l'hydratation, soulève l'existence, de la voûte céleste à ta jarre, pas la nuit et pas le jour, tes mains tiennent le métal jaune Les lionnes
8%
L'intégrité de ton mécanisme est altérée sans que je puisse en trouver l'origine, et je m'en sens stupide. L'intégrité de ton mécanisme est altérée, bien qu'à mes côtés, tout à l'air de fonctionner correctement. Ca (c'est vraiment toi)
4%
Aucun quiz correspondant
Distribution des résultats
% des personnes avec chaque résultat
Percentile par nombre de réponses
Votre historique - résultats
Vous n’avez pas pris ce quiz